Retrouver les buteurs - Statistiques

Statistiques générales
  • Ce quiz a été pris 86 fois
  • Le résultat moyen est 17 sur 30
Statistiques - réponses
Compétition Match Minute Joueur % Correct
54 Lionel Messi
100%
Coupe du Monde Espagne-Portugal 2018 04, 44, 88 Cristiano Ronaldo
99%
64, 68 Kylian Mbappé
97%
Coupe du Monde France-Argentine 2018 13 Antoine Griezmann
94%
57 Benjamin Pavard
91%
41 Angel Di Maria
82%
54 Steven Gerrard
78%
90+3 Sergio Agüero
73%
34 Wayne Rooney
71%
62 Dušan Tadić
68%
69 David Villa
66%
57 Marco Reus
65%
58 Nacho Fernandez
57%
24, 55 Diego Costa
54%
60 Xabi Alonso
54%
09 Aubameyang
53%
38, 44 Hernán Crespo
53%
Ligue des Champions FC Barcelone-Manchester United 2011 27 Pedro
52%
90+1 Dejan Lovren
49%
Ligue des Champions Real Madrid-Ajax Amsterdam 2019 07 Hakim Ziyech
46%
18 David Neres
42%
Ligue des Champions Liverpool-AC Milan 01 Paolo Maldini
41%
77 Mamadou Sakho
39%
70 Marco Asensio
37%
72 Lasse Schöne
35%
48 Gabriel Mercado
34%
66 Philippe Coutinho
34%
56 Vladimír Šmicer
33%
48 Divock Origi
30%
Ligue Europa Liverpool-Borussia Dortmund 05 Henrik Mkhitaryan
13%
Aucun quiz correspondant
Distribution des résultats
% des personnes avec chaque résultat
Percentile par nombre de réponses
Votre historique - résultats
Vous n’avez pas pris ce quiz